Die nachprüfungsbefugnis des Europäischen gerichtshofes gegenüber ermessenshandlungen der exekutive in der Montanunion und der Europäischen wirtschaftsgemeinschaft ...

Saved in:
நூற்பட்டியல் விவரங்கள்
தலைமை எழுத்தாளர்: Rupprecht, Wilfried.
வடிவம்: புத்தகம்
மொழி:German
வெளியீடப்பட்டது: Kiel, 1962.
பகுதிகள்:
குறியீடுகள்: குறிச்சொல் இணை
குறியீடுகள் இல்லை, இந்த குறிச்சொல்லை முதலில் பதிவு செய்யுங்கள்!
LEADER 00864nam a2200241K 4500
001 005890550-2
005 20020606163548.3
008 950815s1962 gw 000 0 ger d
035 0 |a ocm21581313 
040 |a HVL  |c HVL 
100 1 |a Rupprecht, Wilfried. 
245 1 4 |a Die nachprüfungsbefugnis des Europäischen gerichtshofes gegenüber ermessenshandlungen der exekutive in der Montanunion und der Europäischen wirtschaftsgemeinschaft ...  |c von Wilfried Rupprecht ... 
260 |a Kiel,  |c 1962. 
300 |a 167 p.  |c 21 cm. 
500 |a "Lebenslauf": p. 167. 
502 |a Inaug.-Diss.--Kiel. 
504 |a "Literaturverzeichnis": p. 157-164. 
610 2 0 |a European Coal and Steel Community. 
610 2 0 |a European Economic Community. 
690 9 |a Arbitration, International.  |5 law 
690 9 |a International courts  |z Europe.  |5 law 
988 |a 20020608 
906 |0 MH